Statystyki dla Quiz o chile

Kliknij tutaj aby rozwiązać quiz!

Ogólne statystyki

  • Ten quiz został rozwiązany 14 razy
  • Średni wynik to 3 z 12

Statystyki odpowiedzi

pytanieodpowiedź% Poprawnych
kolor dominujący na ich fladze to...czerwony
86%
waluta obowiązująca tam to...peso
71%
pełna nazwa kraju to...republika chile
29%
jest tam wulkanów...2 000
21%
Stopa bezrobocia w 2018 roku wynosiła... (zapisz razem ze znakiem procenta)7,2%
14%
najwyższy szczyt na terenie kraju to...Ojos del Salado
14%
ma ona (odpowiedź) kilometrów...440
7%
ma on (odpowiedź) m n.p.m.6885
7%
najdłuższą rzeką jest...loa
7%
motto kraju to...rozumem lub siłą
7%
stolica to...santiego
7%
polaków jest tam...10 000
0%

Rozkład punktacji

Percentyl według liczby udzielonych odpowiedzi

Procent ludzi z każdym wynikiem

Twoja historia wyników

Nie rozwiązałeś tego quizu